00426nam a2200169 a 450000100060000000300090000600800410001502000150005604000280007108200160009910000260011524500270014126000430016830000100021165000120022165000230023318618CO-ViMGA141112s2004 ck r 000 u spa d a8478442588 aCO-ViMGAbspacCO-ViMGA04a700.1 T154e1 aTanizaki, Junichiró10aEl Elogio de la sombra aMadríd (España), cSiruela, c2001 a95.p.14aBELLEZA14aFILOSOFIA DEL ARTE